=LDR 00000nam 2200000 4500 =001 INLIS000000000061676 =005 20221103011400 =035 ##$$a 0010-1122000057 =007 ta =008 221103###########################0###### =020 ##$$a 978-602-6640-12-3 =082 ##$$a 639 =084 ##$$a 639 RIE k =100 #$$a Rien Handayani =245 1#$$a Kumpulan teknologi tepat guna inovasi teknologi pengolahan produk perikanan Edisi II /$c Rien Handayani, Bambang Dipokusumo, Wiharyani Werdiningsih =250 ##$$a Edisi 2 =260 ##$$a Mataram :$b University Press,$c 2021 =300 ##$$a Xvi, 138 halaman : $b Ilustrasi ; $c 24 cm =650 #4$$a Perikanan - Pengolahan =990 ##$$a 26782678 =990 ##$$a 26782678 =990 ##$$a 428/51/2022 =990 ##$$a 7202202678 =990 ##$$a 428/51/2022 =990 ##$$a 428/51/2022